000 01009cam a2200265 i 4500
005 20171212141849.0
008 120523s1982 ru a |000 0 rusoc
035 _axx002498936
039 9 _a201706091113
_bkopilwa
_c201411201701
_duam
_c201304090120
_dVLOAD
_c201304080812
_dVLOAD
_y201205231446
_zSCWA_U
040 _aNUKAT
_cWA U/RB
_dWA U/RB
_dWA U/EBA
041 1 _arus
_heng
245 0 0 _aVyčislitel'nye seti i setevye protokoly /
_cD. Dèvis [et al.] ; per. s ang. pod red. S. I. Samojlenko.
246 1 _iTyt. oryg.:
_aComputer networks and their protocols
260 _aMoskva :
_b"Mir",
_c1982.
300 _a563 s. :
_bil. ;
_c23 cm.
504 _aBibliogr. przy rozdz.
650 _aProtokoły sieci komputerowych.
650 _aSieci komputerowe.
700 1 _aDavies, Donald Watts.
700 1 _aSamojlenko, Stanislav Ivanovič.
_eTł.
961 _aWA_310
966 _aPOZN_U
970 _aWA_U
999 _aVIRTUA10
_c18702
_d18702
999 _aVTLSSORT0010*0080*0400*0410*2450*2460*2600*3000*5040*6500*6501*7000*7001*9350*9700*9992